MARC

LEADER 00000nam0a2200000 4500
001 2135
005 20241129173830.0
035 |a (RuTPU)RU\TPU\book\2144 
035 |a BOOK00002146 
090 |a 2135 
100 |a 20011209d1996 m y0rusy50 ca 
101 0 |a rus 
102 |a RU 
105 |a y j 000zy 
200 1 |a История России  |e материалы к лекциям для студентов 1 курса всех факультетов  |h Ч. 1  |f Томский политехнический университет; сост. Н. И. Гузарова и др. 
210 |a Томск  |c Изд-во ТПУ  |d 1996 
215 |a 84 с. 
606 |a Россия  |x История  |9 81526 
610 1 |a учебные пособия 
686 |a Т3(2)я73  |2 rubbk 
702 1 |a Гузарова  |b Н. И.  |c историк  |c доцент Томского политехнического университета, кандидат исторических наук  |f 1955-  |g Надежда Ивановна  |3 (RuTPU)RU\TPU\pers\26631  |4 220 
702 1 |a Шерстова  |b Л. И.  |c историк  |c доцент Кафедры истории и регионоведения Томского политехнического университета  |g Людмила Ивановна  |3 (RuTPU)RU\TPU\pers\26632  |4 220 
702 1 |a Чиж  |b Л. А.  |4 220 
702 1 |a Гузаров  |b В. Н.  |c российский историк  |c доцент Томского политехнического университета, кандидат исторических наук  |f 1950-  |g Владимир Николаевич  |3 (RuTPU)RU\TPU\pers\25555  |4 220 
702 1 |a Сосковец  |b Л. И.  |c историк, политолог  |c профессор Томского политехнического университета, доктор исторических наук  |f 1956-  |g Любовь Ивановна  |3 (RuTPU)RU\TPU\pers\25443  |4 220  |9 11385 
702 1 |a Силаев  |b А. П.  |c историк  |c доцент Кафедры истории и регионоведения Томского политехнического университета  |g Анатолий Петрович  |3 (RuTPU)RU\TPU\pers\26638  |4 220 
702 1 |a Першиков  |b А. Н.  |c историк  |c доцент Томского политехнического университета, кандидат исторических наук  |f 1946-  |g Анатолий Николаевич  |3 (RuTPU)RU\TPU\pers\26636  |4 220 
702 1 |a Иванова  |b М. В.  |c историк  |c доцент Томского политехнического университета, кандидат исторических наук  |f 1942-  |g Маргарита Викторовна  |3 (RuTPU)RU\TPU\pers\26637  |4 220 
712 0 2 |a Томский политехнический университет 
801 0 |a RU  |b 63413507  |c 20011209  |g PSBO 
801 2 |a RU  |b 63413507  |c 20170301  |g PSBO 
942 |c BK